000 00562nam a2200169 i 4500
001 141969
003 ES-MaACL
005 20230906200419.0
007 t|
008 071001s1935 fr ||||1| fre d
100 1 _aVioux, Marcelle.
_9115422
245 1 3 _aLe vert-galant
_b: vie heroïque et amoureuse de Henri IV : illustré par le fac-similé de portraits et tableaux historique /
_cMarcelle Vioux.
260 _aParis :
_bFasquelle,
_c1935.
300 _a320 p. ;
_c19 cm.
600 0 4 _aEnrique
_bIV
_cRey de Francia.
_947271
852 _aES-MaACL
_jA-3455
999 _c141969
_d141969